LEADER 00928nam0 2200289 450 001 000024177 005 20090309144107.0 100 $a20090309d1967----km-y0itay50------ba 101 0 $aita 102 $aIT 105 $ay-------001yy 200 1 $a<>grande impresa nella società moderna$fGiorgio Ruffolo 210 $aTorino$cEinaudi$d[1967] 215 $a325 p.$d22 cm 225 2 $aSerie di politica economica 410 0$12001$aSerie di politica economica 451 0$1001000015371 500 10$a<>grande impresa nella società moderna$935674 610 1 $aImprese 610 1 $aImprese 676 $a388$v16$9Trasporti su strada. Circolazione stradale. Polizia stradale 700 1$aRuffolo,$bGiorgio$010461 801 0$aIT$bUNIPARTHENOPE$c20090309$gRICA$2UNIMARC 912 $a000024177 951 $a022/38$b2464$cNAVA2$d2009 996 $aGrande impresa nella società moderna$935674 997 $aUNIPARTHENOPE LEADER 01883oam 2200493zu 450 001 9910872531203321 005 20241212215521.0 035 $a(CKB)1000000000331595 035 $a(SSID)ssj0000394354 035 $a(PQKBManifestationID)12121786 035 $a(PQKBTitleCode)TC0000394354 035 $a(PQKBWorkID)10387923 035 $a(PQKB)10587987 035 $a(EXLCZ)991000000000331595 100 $a20160829d2006 uy 101 0 $aeng 181 $ctxt 182 $cc 183 $acr 200 10$aDIPED-2006 : proceedings of XIth International Seminar/Workshop on Direct and Inverse Problems of Electromagnetic and Acoustic Wave Theory : Tbilisi, October 11-13, 2006 210 31$a[Place of publication not identified]$cPidstryhach Institute of Applied Problems of Mechanics and Mathematics NASU$d2006 300 $aBibliographic Level Mode of Issuance: Monograph 311 08$a9789660238732 311 08$a9660238738 606 $aElectromagnetic waves$xScattering$vCongresses 606 $aSound-waves$vCongresses 606 $aPhysics$2HILCC 606 $aElectricity & Magnetism$2HILCC 606 $aPhysical Sciences & Mathematics$2HILCC 615 0$aElectromagnetic waves$xScattering 615 0$aSound-waves 615 7$aPhysics 615 7$aElectricity & Magnetism 615 7$aPhysical Sciences & Mathematics 676 $a539.2 712 02$aIEEE Electromagnetic Compatibility Society, 712 02$aInstytut prykladnykh problem mekhaniky i matematyky im. I?A?.S. Pidstryhacha, 712 02$aT`bilisis saxelmcip`o universiteti. 712 12$aInternational Seminar/Workshop on Direct and Inverse Problems of Electromagnetic and Acoustic Wave Theory. 801 0$bPQKB 906 $aPROCEEDING 912 $a9910872531203321 996 $aDIPED-2006 : proceedings of XIth International Seminar$92513176 997 $aUNINA